Stock market trading rules : (Record no. 7248)
[ view plain ]
| 000 -LEADER | |
|---|---|
| fixed length control field | 00637nam a22002172 4500 |
| 001 - CONTROL NUMBER | |
| control field | 0000006256 |
| 005 - DATE AND TIME OF LATEST TRANSACTION | |
| control field | 20151217152015.0 |
| 008 - FIXED-LENGTH DATA ELEMENTS--GENERAL INFORMATION | |
| fixed length control field | 071001s xx 000 0 eng d |
| 020 ## - INTERNATIONAL STANDARD BOOK NUMBER | |
| International Standard Book Number | 8170943434 : |
| Terms of availability | KES 1,980 |
| 040 ## - CATALOGING SOURCE | |
| Original cataloging agency | KABU |
| Transcribing agency | KABU |
| 100 1# - MAIN ENTRY--PERSONAL NAME | |
| Personal name | Eng, William F. |
| -- | 0000157664 |
| 245 10 - TITLE STATEMENT | |
| Title | Stock market trading rules : |
| Remainder of title | fifty golden strategies. |
| 260 ## - PUBLICATION, DISTRIBUTION, ETC. (IMPRINT) | |
| Place of publication, distribution, etc. | New Delhi : |
| Name of publisher, distributor, etc. | Vision Books, |
| Date of publication, distribution, etc. | 1994. |
| 300 ## - PHYSICAL DESCRIPTION | |
| Extent | 248 p. |
| 650 #0 - SUBJECT ADDED ENTRY--TOPICAL TERM | |
| Topical term or geographic name as entry element | Stocks. |
| -- | 0000147966 |
| 650 #0 - SUBJECT ADDED ENTRY--TOPICAL TERM | |
| Topical term or geographic name as entry element | Options (Finance) |
| -- | 0000152668 |
| 650 #0 - SUBJECT ADDED ENTRY--TOPICAL TERM | |
| Topical term or geographic name as entry element | Futures. |
| -- | 0000157665 |
| 908 ## - PUT COMMAND PARAMETER (RLIN) | |
| Put command parameter | 071001 |
| 950 ## - LOCAL HOLDINGS (RLIN) | |
| -- | 1 |
| Withdrawn status | Lost status | Source of classification or shelving scheme | Not for loan | Home library | Current library | Date acquired | Total Checkouts | Full call number | Barcode | Date last seen | Date last checked out | Price effective from | Koha item type |
|---|---|---|---|---|---|---|---|---|---|---|---|---|---|
| Library of Congress Classification | Kabarak, Main Campus | Kabarak, Main Campus | 17/12/2015 | 5 | HG4521 .E54 1994 | 012965 | 15/08/2024 | 30/07/2024 | 17/12/2015 | General Collection |